| 000 | 00559nam a2200205 a 4500 | ||
|---|---|---|---|
| 001 | BRCA_6716 | ||
| 005 | 20190320205550.0 | ||
| 008 | 191011s1830----gw-a######---#000-0#ger-# | ||
| 041 | _ager | ||
| 044 | _agw | ||
| 050 | 4 |
_aPF5433 _c.N3 1830 |
|
| 100 | 1 |
_aNadler, Karl Christian Gottfried _d1809-1849 _916777 |
|
| 245 | 1 | 0 |
_aFröhlich Palz, Gott erhalts! _cvon Karl Gottfried Nadler. |
| 260 |
_aKarlsruhe _bJ. Lang _c[1830] |
||
| 300 |
_ax, 346 p. _bil. _c17 cm. |
||
| 500 | _aIncluye índice alfabético | ||
| 500 | _aL49 | ||
| 902 | _aGFM | ||
| 942 |
_2lcc _cB |
||
| 999 |
_c6399 _d6399 |
||